Language Quiz

Random Language Quiz

55 Most Commonly Used Prepositions Quiz Stats

 Plays Quiz not verified by Sporcle

Score 0/55 Timer 06:00
0 Plays Today
Hint Answer % Correct
STUDY MOREIN
81.7%
STUDY MOREACROSS
81.2%
STUDY MOREAT
78.5%
STUDY MOREABOVE
78.5%
STUDY MOREABOARD
78.4%
STUDY MOREAS
78.2%
STUDY MOREAFTER
76.1%
STUDY MORETO
75.3%
STUDY MOREWITH
75.1%
STUDY MOREBESIDE
72.8%
STUDY MOREAMID
72.3%
STUDY MOREOUT
72.1%
STUDY MOREALONG
71.9%
STUDY MOREABOUT
71.8%
STUDY MOREON
71.4%
STUDY MOREBEFORE
70.8%
STUDY MOREAGAINST
70.5%
STUDY MOREOF
70.1%
STUDY MOREFOR
70%
STUDY MOREAMONG
68.8%
STUDY MOREBELOW
68.8%
STUDY MOREFROM
68.6%
STUDY MOREDOWN
68%
STUDY MOREUNDER
67.8%
STUDY MOREAROUND
67.2%
STUDY MOREWITHOUT
66.9%
STUDY MOREBEHIND
66.3%
STUDY MOREWITHIN
66.2%
Hint Answer % Correct
STUDY MORETHROUGH
65.8%
STUDY MOREBY
65.7%
STUDY MOREUP
65.7%
STUDY MOREBESIDES
63.1%
STUDY MOREBENEATH
62.9%
STUDY MOREOFF
62.8%
STUDY MOREINSIDE
62.4%
STUDY MORECONCERNING
62.2%
STUDY MOREOUTSIDE
61.4%
STUDY MORETHROUGHOUT
60.3%
STUDY MORELIKE
60.2%
STUDY MOREBUT
59.3%
STUDY MOREINTO
59.1%
STUDY MOREBETWEEN
58.3%
STUDY MOREONTO
58.2%
STUDY MOREBEYOND
57.8%
STUDY MORENEAR
57.2%
STUDY MOREDURING
54.9%
STUDY MOREUNDERNEATH
54.7%
STUDY MOREEXCEPT
53.9%
STUDY MOREOVER
53.6%
STUDY MORESINCE
51.3%
STUDY MORETILL
50.5%
STUDY MOREUNTIL
48.9%
STUDY MOREPAST
47.4%
STUDY MORETOWARD
46%
STUDY MOREUPON
45.6%

You're not logged in!

Compare scores with friends on all Sporcle quizzes.
OR
Log In

Sporcle TV

Today on Sporcle TV


Watch our educational content, quiz creation guides, and fun videos on Sporcle TV.

Show Comments

Extras

Created Aug 23, 2017ReportNominate
Tags:preposition

Top Quizzes Today


Score Distribution

Your Account Isn't Verified!

In order to create a playlist on Sporcle, you need to verify the email address you used during registration. Go to your Sporcle Settings to finish the process.

Report this User

Report this user for behavior that violates our Community Guidelines.

Details: